000 01408nam a22002657i 4500
999 _c22770
_d22770
003 AR-CdUCM
008 240129b20182018pe ||||| |||| 00| 0 spa d
040 _aMUNICIPALIDAD PROVINCIAL DEL CUSCO
_cBIBLIOTECA MUNICIPAL DEL CUSCO
041 _hspa
082 _a372.6561044 / C36
_bC36
100 _aCatunta Machaca, Porfirio Alejandro
_949358
245 _aDesarrollando la Expresión Oral del Castellano como Segunda Lengua : Mediante canciones, narraciones y conversaciones en estudiantes /
260 _aSicuani-Cusco :
_c2018
300 _a131 páginas. :
_c21 cm.
500 _zBibliografía: páginas 96-97
505 _aReseña histórica de la Comunidad de Chilcani Mosocllacta -- Institución Educativa de Primaria 56372 de Chilcani -- Flora y fauna de Chilcani -- Saber escuchar -- Formas de expresión oral -- Métodos de la enseñanza de la segunda lengua -- Niveles de aprendizaje del castellano -- Interferencias lingüísticas -- Recomendaciones técnicas para el aprendizaje de la lengua castellana
650 _aAprendizaje de la lengua castellana
_949359
650 _aComunidad de Chilcani
_949360
650 _aEstrategias metodológicas
_949361
650 _aCastellanización
_949362
650 _aNiveles de aprendizaje del castellano como segunda lengua
_949363
650 _aVariedades del castellano en el Perú
_949364
942 _2ddc
_cLIBROS
945 _apbj
_d29-01-2024